000 00442nam a2200169 a 4500
001 0000-8929
003 ELIB.Books
008 110520 1992
035 _a(ELIB.Books)0000-9077
082 _a248
_bCar
100 _aCarder, Dave
245 _aTorn Asunder: recovering from extramarital affairs
260 _bChicago: Moody Press
_c1992
650 _aChristian Life
942 _2ddc
_cBK
998 _cbat
_e2011-05-20
999 _c8929
_d8929